[Event "Jakarta Indonesia op 3rd"]
[Site "Jakarta"]
[Date "2013.10.13"]
[Round "5"]
[White "Grigoryan, Avetik"]
[Black "Stefanova, Antoaneta"]
[Result "1/2-1/2"]
[WhiteElo "2577"]
[BlackElo "2496"]
[PlyCount "93"]
[EventDate "2013.10.10"]
[EventType "swiss"]
[EventRounds "11"]
[EventCountry "INA"]
[SourceTitle "CBM 156 Extra"]
[Source "ChessBase"]
[SourceDate "2013.10.22"]
[SourceVersion "1"]
[SourceVersionDate "2013.10.22"]
[SourceQuality "1"]

1. e4 e5 2. Nf3 Nc6 3. Bb5 Nge7 4. Nc3 a6 5. Bc4 Ng6 6. d3 h6 7. h4 Bc5 8. h5 Nf8 9. a3 d6 10. Nd5 Bg4 11. c3 Nh7 12. Be3 Nf6 13. Nxf6+ Qxf6 14. Qe2 Nd8 15. Bxc5 dxc5 16. Qe3 b6 17. b4 b5 18. Bd5 c6 19. Bb3 cxb4 20. axb4 0-0 21. Nd2 Qd6 22. Qg3 Qd7 23. Bc2 f6 24. Nb3 Nb7 25. Qe3 Qc7 26. f3 Be6 27. Na5 Nd8 28. Kd2 Bf7 29. Bb3 Bxb3 30. Nxb3 Ne6 31. Ra5 Qf7 32. Kc2 f5 33. exf5 Qxf5 34. Re1 Nf4 35. g4 Qf7 36. Qe4 Nd5 37. Nc5 Qxf3 38. Qxf3 Rxf3 39. Rxe5 Ne3+ 40. Kb3 Nxg4 41. Re6 Rf6 42. Re7 Rf7 43. Re6 Rf6 44. Re4 Nf2 45. Re3 Rf5 46. Nxa6 Rxh5 47. Nc5 1/2-1/2

[Event "Jakarta Indonesia op 3rd"]
[Site "Jakarta"]
[Date "2013.10.12"]
[Round "4"]
[White "Ivanisevic, Ivan"]
[Black "Grigoryan, Avetik"]
[Result "1-0"]
[WhiteElo "2632"]
[BlackElo "2577"]
[PlyCount "87"]
[EventDate "2013.10.10"]
[EventType "swiss"]
[EventRounds "11"]
[EventCountry "INA"]
[SourceTitle "CBM 156 Extra"]
[Source "ChessBase"]
[SourceDate "2013.10.22"]
[SourceVersion "1"]
[SourceVersionDate "2013.10.22"]
[SourceQuality "1"]

1. e4 e5 2. Nf3 Nc6 3. d4 exd4 4. Nxd4 Nf6 5. Nc3 Bb4 6. Nxc6 bxc6 7. Bd3 0-0 8. 0-0 d5 9. exd5 cxd5 10. Bg5 c6 11. Qf3 Rb8 12. h3 h6 13. Bxf6 Qxf6 14. Qxf6 gxf6 15. Ne2 Bd6 16. b3 Re8 17. Rad1 c5 18. Ng3 Bxg3 19. fxg3 Kg7 20. Rf4 Rb6 21. Kf2 Re5 22. Ra4 a6 23. c3 Rc6 24. Be2 Bb7 25. Bf3 Rc7 26. Rg4+ Kf8 27. b4 Rf5 28. bxc5 Rxc5 29. Rb1 Bc6 30. Rb3 Ra5 31. a3 Bb5 32. Ke3 Re5+ 33. Kd4 Bd7 34. Rb8+ Ke7 35. Rgg8 Bb5 36. Bxd5 Ra4+ 37. c4 Rxd5+ 38. Kxd5 Bxc4+ 39. Kc5 Bb5 40. Rg4 Rxa3 41. Re4+ Kd7 42. Rb7+ Kc8 43. Ree7 Rxg3 44. Kb6 1-0

[Event "Lake Sevan"]
[Site "Martuni"]
[Date "2013.09.15"]
[Round "8"]
[White "Ragger, Markus"]
[Black "Grigoryan, Avetik"]
[Result "0-1"]
[WhiteElo "2680"]
[BlackElo "2580"]
[PlyCount "70"]
[EventDate "2013.09.08"]
[EventType "tourn"]
[EventRounds "9"]
[EventCountry "ARM"]
[EventCategory "16"]
[SourceTitle "CBM 157"]
[Source "ChessBase"]
[SourceDate "2013.11.12"]
[SourceVersion "1"]
[SourceVersionDate "2013.11.12"]
[SourceQuality "1"]

1. Nf3 Nf6 2. c4 c5 3. Nc3 Nc6 4. d4 cxd4 5. Nxd4 e6 6. g3 Qb6 7. Ndb5 Ne5 8. Bg2 a6 9. Na4 Qa5+ 10. Nbc3 Nxc4 11. b3 Nb6 12. Nxb6 Qxb6 13. 0-0 Qd8 14. Bf4 Be7 15. Bd6 Bxd6 16. Qxd6 Qe7 17. Qb6 d5 18. e4 dxe4 19. Nxe4 Nxe4 20. Bxe4 0-0 21. Rac1 Qa3 22. Rc7 g6 23. Rd1 Qxa2 24. Bc2 e5 25. h4 Bg4 26. f3 Bxf3 27. Rf1 e4 28. h5 Qb2 29. Qc5 b6 30. Qg5 Rac8 31. hxg6 Rxc7 32. gxh7+ Kh8 33. Rf2 Qa1+ 34. Bb1 Qxb1+ 35. Rf1 Qb2 0-1

[Event "Lake Sevan"]
[Site "Martuni"]
[Date "2013.09.10"]
[Round "3"]
[White "Grigoryan, Avetik"]
[Black "Grigoryan, Karen H"]
[Result "1-0"]
[WhiteElo "2580"]
[BlackElo "2563"]
[PlyCount "81"]
[EventDate "2013.09.08"]
[EventType "tourn"]
[EventRounds "9"]
[EventCountry "ARM"]
[EventCategory "16"]
[SourceTitle "CBM 157"]
[Source "ChessBase"]
[SourceDate "2013.11.12"]
[SourceVersion "1"]
[SourceVersionDate "2013.11.12"]
[SourceQuality "1"]

1. c4 Nf6 2. d4 d6 3. Nc3 Nbd7 4. e4 e5 5. d5 Nc5 6. f3 a5 7. Be3 Be7 8. Qd2 0-0 9. Nge2 Nfd7 10. b3 c6 11. g4 Nb8 12. Ng3 Nba6 13. Rb1 h6 14. Kf2 Bg5 15. Nd1 Qb6 16. h4 Bxe3+ 17. Nxe3 Qb4 18. Qc1 a4 19. a3 Qb6 20. b4 Nb3 21. Qe1 cxd5 22. exd5 Qa7 23. Kg2 Nd4 24. g5 f5 25. gxf6 Rxf6 26. Ne4 Rxf3 27. Nxd6 Rf6 28. Ne4 Rg6+ 29. Ng3 Bf5 30. c5 Be4+ 31. Kh3 Bxh1 32. Nxh1 Rf8 33. Bg2 Nf3 34. Qe2 e4 35. Rf1 b6 36. c6 Rgf6 37. Ng3 Rf4 38. Bxf3 exf3 39. Qd3 Nc7 40. Nef5 Ne8 41. d6 1-0

[Event "Lake Sevan"]
[Site "Martuni"]
[Date "2013.09.09"]
[Round "2"]
[White "Zhigalko, Sergei"]
[Black "Grigoryan, Avetik"]
[Result "1-0"]
[WhiteElo "2664"]
[BlackElo "2580"]
[PlyCount "103"]
[EventDate "2013.09.08"]
[EventType "tourn"]
[EventRounds "9"]
[EventCountry "ARM"]
[EventCategory "16"]
[SourceTitle "CBM 157"]
[Source "ChessBase"]
[SourceDate "2013.11.12"]
[SourceVersion "1"]
[SourceVersionDate "2013.11.12"]
[SourceQuality "1"]

1. e4 e5 2. Nf3 Nc6 3. Bb5 a6 4. Ba4 Nf6 5. 0-0 b5 6. Bb3 Bc5 7. a4 Rb8 8. Nxe5 Nxe5 9. d4 Bxd4 10. Qxd4 d6 11. f4 Nc6 12. Qc3 Ne7 13. Qd3 c5 14. c4 0-0 15. axb5 axb5 16. cxb5 d5 17. exd5 Bf5 18. Qd1 Rxb5 19. Bc4 Bg4 20. Qd3 Bf5 21. Qd1 Bg4 22. Qd2 Rb7 23. Nc3 Rd7 24. Qf2 Nexd5 25. Nxd5 Nxd5 26. f5 Nb6 27. Ba2 Re8 28. Be3 Nd5 29. Bxc5 Re2 30. Qg3 Nf6 31. h3 Bh5 32. Rae1 Rxb2 33. Rf2 Rb8 34. Be7 Rxe7 35. Rxe7 Ra8 36. Re1 Bd1 37. Qe3 Ba4 38. Qe7 Be8 39. Qxd8 Rxd8 40. Rc2 Ra8 41. g4 h6 42. Ree2 Kf8 43. Rc7 Bd7 44. Rb7 Rc8 45. Kh2 Ra8 46. Bb3 Rc8 47. Re3 Ra8 48. Kg3 Ra1 49. Rb8+ Ne8 50. f6 gxf6 51. Rb7 Rg1+ 52. Kh4 1-0

[Event "Lake Sevan"]
[Site "Martuni"]
[Date "2013.09.08"]
[Round "1"]
[White "Kuzubov, Yuriy"]
[Black "Grigoryan, Avetik"]
[Result "1-0"]
[WhiteElo "2628"]
[BlackElo "2580"]
[PlyCount "109"]
[EventDate "2013.09.08"]
[EventType "tourn"]
[EventRounds "9"]
[EventCountry "ARM"]
[EventCategory "16"]
[SourceTitle "CBM 157"]
[Source "ChessBase"]
[SourceDate "2013.11.12"]
[SourceVersion "1"]
[SourceVersionDate "2013.11.12"]
[SourceQuality "1"]

1. Nf3 Nf6 2. c4 e6 3. g3 a6 4. Bg2 b5 5. d3 c5 6. e4 d6 7. e5 dxe5 8. Nxe5 Ra7 9. cxb5 axb5 10. Qb3 Qb6 11. Nc3 Bb7 12. 0-0 Bxg2 13. Kxg2 b4 14. Ne4 Nd5 15. Be3 Nd7 16. Nc4 Qc6 17. Kg1 Be7 18. a4 0-0 19. a5 f5 20. Ned2 Bf6 21. Rfe1 g5 22. f3 Nxe3 23. Nxe3 Kh8 24. Nec4 Bd4+ 25. Kh1 g4 26. Qd1 Nf6 27. Qe2 Ra6 28. Qg2 h5 29. Re2 Qd5 30. Rf1 Re8 31. Nb3 Kg7 32. h3 gxh3 33. Qxh3 Kg6 34. Qh4 e5 35. Nxd4 cxd4 36. Kg1 b3 37. f4 e4 38. Ne5+ Kh7 39. Qg5 Qg8 40. Qxf5+ Kh6 41. Rg2 e3 42. g4 Nxg4 43. Nxg4+ hxg4 44. Rh2+ Kg7 45. Rc1 Rae6 46. Rh5 e2 47. Rc7+ R8e7 48. Rxe7+ Rxe7 49. Rg5+ Kh8 50. Rxg8+ Kxg8 51. Qg5+ Kf8 52. Qxe7+ Kxe7 53. Kf2 g3+ 54. Kxe2 g2 55. Kf2 1-0

[Event "Abu Dhabi op 21st"]
[Site "Abu Dhabi"]
[Date "2013.07.04"]
[Round "6"]
[White "Grigoryan, Avetik"]
[Black "Berescu, Alin Mile"]
[Result "1/2-1/2"]
[WhiteElo "2605"]
[BlackElo "2461"]
[PlyCount "102"]
[EventDate "2013.06.30"]
[EventType "swiss"]
[EventRounds "9"]
[EventCountry "UAE"]
[SourceTitle "CBM 155 Extra"]
[Source "ChessBase"]
[SourceDate "2013.08.26"]
[SourceVersion "1"]
[SourceVersionDate "2013.08.26"]
[SourceQuality "1"]

1. d4 e6 2. c4 Nf6 3. g3 d5 4. Bg2 Bb4+ 5. Nd2 0-0 6. Ngf3 c5 7. cxd5 exd5 8. a3 Bxd2+ 9. Bxd2 cxd4 10. Nxd4 Qb6 11. Nb3 Re8 12. Bc3 Bg4 13. f3 Bd7 14. Nd4 Nc6 15. Qd2 Ne5 16. b3 Rac8 17. 0-0 h5 18. a4 Ng6 19. Bb2 Qd6 20. e3 a6 21. Qf2 Ne5 22. Rfd1 Qb6 23. h3 Ng6 24. Rf1 Ne5 25. Rad1 Rcd8 26. Rfe1 Bc8 27. g4 hxg4 28. hxg4 Nh7 29. Qg3 Qg6 30. Re2 Nc6 31. Qh4 Ng5 32. f4 Ne4 33. Bf3 Qh7 34. Qxh7+ Kxh7 35. Rh2+ Kg8 36. g5 Nxd4 37. Bxd4 Bf5 38. Be2 Rc8 39. Bd3 Rc6 40. Kg2 f6 41. gxf6 gxf6 42. Rdh1 Kf7 43. Rh8 Rcc8 44. Rxe8 Rxe8 45. Rh6 Rg8+ 46. Kh2 Rg6 47. Rh8 Rg7 48. Bxe4 Bxe4 49. Rb8 Ke6 50. Re8+ Re7 51. Rxe7+ Kxe7 1/2-1/2